000
00209nam a2200097Ia 4500
008
240331s9999 xx 000 0 und d
082
_a
294
_b
ION
100
_a
Ions, V
245
0
_a
History of mythology
942
_c
L
999
_c
947
_d
947